000 00615nam a2200217Ia 4500
001 12186
003 GE_BSU
008 181216s||||||||xx |||||||||||||| ||und||
020 _a9780203066805
040 _cGE_BSU
080 _a658
245 _aCross-Cultural Management Culture and Management across the World.
245 _cEdited by Jean -Frangois Chanlat, Eduardo Davel and Jean-Pierre Dupuis.
260 _aNew York.
260 _bRoutledge.
260 _c2013
300 _a246p;26cm.
541 _h92ლ.
653 _aCross-Cultural Management Culture and Management across the World.
942 _cBK
999 _c45362
_d45362